Một số địa danh lịch sử và nhân vật lịch sử ở Quảng Nam - Đà Nẵng trong kháng chiến chống Mỹ 1954 - 1975
Quảng Nam - Đà Nẵng trong chiến tranh xâm lược thực dân kiểu mới của đế quốc Mỹ. Một số địa danh lịch sử ở Quảng Nam - Đà Nẵng trong kháng chiến chống Mỹ 1954 - 1975. Một số nhân vật lịch sử ở Quảng Nam - Đà Nẵng trong kháng chiến chống Mỹ 1954 - 1975....
Đã lưu trong:
| Tác giả chính: | |
|---|---|
| Tác giả khác: | |
| Định dạng: | Sách |
| Ngôn ngữ: | Vietnamese |
| Được phát hành: |
Đại học Đà Nẵng
Trường đại học Sư Phạm
2007
|
| Loạt: | Khóa luận tốt nghiệp đại học. Chuyên ngành: Sư phạm Sử
|
| Những chủ đề: | |
| Các nhãn: |
Thêm thẻ
Không có thẻ, Là người đầu tiên thẻ bản ghi này!
|
| Thư viện lưu trữ: | Mạng thư viện Đại học Đà Nẵng |
|---|
| LEADER | 01731nam a2200349 4500 | ||
|---|---|---|---|
| 001 | 000012341 | ||
| 003 | 8635 | ||
| 005 | 20120217150226.0 | ||
| 008 | 120217s2007 viesd | ||
| 041 | |a vie | ||
| 072 | |a Khóa luận tốt nghiệp | ||
| 082 | |a 959.7072092 |b PH-P | ||
| 100 | |a Phạm, Viết Phượng | ||
| 245 | |a Một số địa danh lịch sử và nhân vật lịch sử ở Quảng Nam - Đà Nẵng trong kháng chiến chống Mỹ 1954 - 1975 |c Phạm, Viết Phượng | ||
| 260 | |a Đại học Đà Nẵng |b Trường đại học Sư Phạm |c 2007 | ||
| 300 | |a 53 tr. |b hình mhọa |c 29 cm | ||
| 490 | |a Khóa luận tốt nghiệp đại học. Chuyên ngành: Sư phạm Sử | ||
| 500 | |a Tham khảo tr.51 - 53 | ||
| 520 | |a Quảng Nam - Đà Nẵng trong chiến tranh xâm lược thực dân kiểu mới của đế quốc Mỹ. Một số địa danh lịch sử ở Quảng Nam - Đà Nẵng trong kháng chiến chống Mỹ 1954 - 1975. Một số nhân vật lịch sử ở Quảng Nam - Đà Nẵng trong kháng chiến chống Mỹ 1954 - 1975. | ||
| 653 | |a Khóa luận tốt nghiệp đại học | ||
| 653 | |a Khoa Lịch Sử | ||
| 700 | |a Nguyễn, Mạnh Hồng |c Th.S |e Hướng dẫn | ||
| OWN | |a LSP | ||
| AVA | |a UDN50 |b LSP |d 959.7072092 PH-P |e available |t Error 5001 Not defined in file expand_doc_bib_avail. |f 1 |g 0 |h N |i 0 |k 1 | ||
| 999 | |a From the UDN01 | ||
| AVA | |a UDN50 |b LSP |d 959.7072092 PH-P |e available |t Error 5001 Not defined in file expand_doc_bib_avail. |f 1 |g 0 |h N |i 0 |k 1 | ||
| TYP | |a Monograph | ||
| TYP | |a Printed language | ||
| 980 | |a Mạng thư viện Đại học Đà Nẵng | ||